Les Parrains et Marraines du Téléthon depuis 1987 - Statistiques

Statistiques générales
  • Ce quiz a été pris 29 fois
  • Le résultat moyen est 12 sur 35
Statistiques - réponses
Réponse % Correct
Vianney
68%
Kev Adams
59%
Matt Pokora
59%
Thierry Lhermitte
59%
Pascal Obispo
55%
Patrick Bruel
55%
Zazie
55%
Yannick Noah
50%
Marc Lavoine
45%
Michel Sardou
45%
Anne Roumanoff
41%
Gérard Jugnot
41%
Gad Elmaleh
36%
Garou
36%
Jean-Paul Rouve
36%
Soprano
36%
Alain Delon
27%
Axelle Red
27%
Michel Boujenah
27%
Pierre Perret
27%
Jane Birkin
23%
Julen Clerc
23%
Kad Merad
23%
Liane Foly
23%
Mireille Mathieu
23%
Patrick Sébastien
23%
Serge Lama
23%
Franck Dubosc
18%
Jerry Lewis
18%
Sandrine Kiberlain
18%
Daniel Auteuil
14%
Barbaba Hendricks
9%
Claudia Cardinale
9%
Ornella Mutti
9%
Robert Hossein
9%
Aucun quiz correspondant
Distribution des résultats
% des personnes avec chaque résultat
Percentile par nombre de réponses
Votre historique - résultats
Vous n’avez pas pris ce quiz